LEADER 01190nam--2200373---450- 001 990000365050203316 035 $a0036505 035 $aUSA010036505 035 $a(ALEPH)000036505USA01 035 $a0036505 100 $a20010319d1956----km-y0itay0103----ba 101 $aeng 102 $aUs 105 $a||||||||001yy 200 1 $aRandom processes in automatic control$fJ. Halcombe Laning jr. and richard H. Battin 210 $aNew York$cMcGraw Hill$d1956 215 $aIX, 434 p.$cill.$d23 cm 225 2 $aMcGraw Hill series in control systems engineering 410 $12001$aMcGraw Hill series in control systems engineering 461 1$1001-------$12001 676 $a003 700 1$aLANING,$bJ. Halcombe jr.$0104520 701 1$aBATTIN,$bRichard H.$0104521 801 0$aIT$bsalbc$gISBD 912 $a990000365050203316 951 $a003 LAN$b0005026 CBS$c003$d00106149 959 $aBK 969 $aSCI 979 $aPATTY$b90$c20010319$lUSA01$h1200 979 $aALANDI$b90$c20010516$lUSA01$h1200 979 $c20020403$lUSA01$h1644 979 $aPATRY$b90$c20040406$lUSA01$h1625 996 $aRandom processes in automatic control$9877140 997 $aUNISA LEADER 01804nem 2200457Ia 450 001 9910697725903321 005 20081117091454.0 035 $a(CKB)5470000002391716 035 $a(OCoLC)272298948 035 $a(EXLCZ)995470000002391716 100 $a20081117d2001 ua 101 0 $aeng 120 $ab|||||||||||| 121 $a||aa||||| 124 $bd 135 $aurcn||||||||| 181 $ccrd$2rdacontent 182 $cc$2rdamedia 183 $acr$2rdacarrier 200 10$aLouisiana ground-water map no. 12$b[electronic resource] $epotentiometric surface of the Chicot Aquifer system in southwestern Louisiana, June 2000 /$fby John K. Lovelace ; prepared in cooperation with the Louisiana State University Agricultural Center, Cooperative Extension Service and the Louisiana Rice Research Board 210 1$a[Reston, Va.] :$cU.S. Dept. of the Interior, U.S. Geological Survey ;$aDenver, CO :$cInformation Services [distributor],$d2001. 215 $a2 maps $cdigital, PDF file 225 1 $aWater-resources investigations report ;$v01-4128 300 $aDepths shown by isolines and soundings. 300 $aTitle from title screen (viewed on Nov. 17, 2008). 300 $aIncludes text, 1 index map, and 3 tables. 320 $aIncludes bibliographical references. 517 $aLouisiana ground-water map no. 12 606 $aWater table$zLouisiana$vMaps 608 $aMaps.$2lcgft 615 0$aWater table 700 $aLovelace$b John K$01372042 712 02$aLouisiana Cooperative Extension Service. 712 02$aLouisiana Rice Research Board. 712 02$aGeological Survey (U.S.) 801 0$bGPO 801 1$bGPO 906 $aBOOK 912 $a9910697725903321 996 $aLouisiana ground-water map no. 12$93454831 997 $aUNINA